Về khuôn mặt mới của Giáo dục đại học Việt Nam
Gồm các bài báo cáo, kiến nghị, tham luận, phản biện và trả lời phỏng vấn của báo chí về các vấn đề trong GDĐH từ cơ cấu, hệ thống, tổ chức quản lý, chương trình đào tạo phương pháp giảng dạy, qui mô và chất lượng tuyển sinh ĐH... cho...
Đã lưu trong:
| 主要作者: | |
|---|---|
| 格式: | 图书 |
| 语言: | Undetermined |
| 出版: |
Thành phố Hồ Chí Minh
Đại học Quốc gia Thành phố Hồ Chí Minh
2005
|
| 主题: | |
| 标签: |
添加标签
没有标签, 成为第一个标记此记录!
|
| Thư viện lưu trữ: | Trung tâm Học liệu Trường Đại học Cần Thơ |
|---|
| LEADER | 01113nam a2200229Ia 4500 | ||
|---|---|---|---|
| 001 | CTU_101205 | ||
| 008 | 210402s9999 xx 000 0 und d | ||
| 020 | |c 75000 | ||
| 082 | |a 378.01597 | ||
| 082 | |b Ph500 | ||
| 100 | |a Phạm, Phụ | ||
| 245 | 0 | |a Về khuôn mặt mới của Giáo dục đại học Việt Nam | |
| 245 | 0 | |c Phạm Phụ | |
| 260 | |a Thành phố Hồ Chí Minh | ||
| 260 | |b Đại học Quốc gia Thành phố Hồ Chí Minh | ||
| 260 | |c 2005 | ||
| 520 | |a Gồm các bài báo cáo, kiến nghị, tham luận, phản biện và trả lời phỏng vấn của báo chí về các vấn đề trong GDĐH từ cơ cấu, hệ thống, tổ chức quản lý, chương trình đào tạo phương pháp giảng dạy, qui mô và chất lượng tuyển sinh ĐH... cho đến kinh tế tài chính ĐH, cơ chế thị trường... | ||
| 650 | |a Education | ||
| 650 | |x Research | ||
| 650 | |z Vietnam | ||
| 904 | |i Hiếu | ||
| 980 | |a Trung tâm Học liệu Trường Đại học Cần Thơ | ||